<?xml version="1.0" encoding="UTF-8"?>
<record
    xmlns:xsi="http://www.w3.org/2001/XMLSchema-instance"
    xsi:schemaLocation="http://www.loc.gov/MARC21/slim http://www.loc.gov/standards/marcxml/schema/MARC21slim.xsd"
    xmlns="http://www.loc.gov/MARC21/slim">

  <leader>01446nam a2200253 a 4500</leader>
  <controlfield tag="001">52992</controlfield>
  <controlfield tag="003">BD-RjUL</controlfield>
  <controlfield tag="005">20211209075907.0</controlfield>
  <controlfield tag="008">160409r19561948ii ||||e |||| 00| 0 ben d</controlfield>
  <datafield tag="035" ind1=" " ind2=" ">
    <subfield code="a">(BD-RjUL)53112</subfield>
  </datafield>
  <datafield tag="040" ind1=" " ind2=" ">
    <subfield code="a">BD-RjUL</subfield>
    <subfield code="b">ben</subfield>
    <subfield code="c">BD-RjUL</subfield>
    <subfield code="d">BD-RjUL</subfield>
  </datafield>
  <datafield tag="041" ind1=" " ind2=" ">
    <subfield code="a">ben</subfield>
  </datafield>
  <datafield tag="082" ind1=" " ind2=" ">
    <subfield code="2">23</subfield>
    <subfield code="a">891.443</subfield>
    <subfield code="b">HUT 1956</subfield>
  </datafield>
  <datafield tag="245" ind1="0" ind2="0">
    <subfield code="a">&#x9B9;&#x9C1;&#x9A4;&#x9CB;&#x9AE; &#x9AA;&#x9CD;&#x9AF;&#x9BE;&#x981;&#x99A;&#x9BE;&#x9B0; &#x9A8;&#x995;&#x9B6;&#x9BE;  &#x993; &#x985;&#x9A8;&#x9CD;&#x9AF;&#x9BE;&#x9A8;&#x9CD;&#x9AF; &#x9B8;&#x9AE;&#x9BE;&#x99C;&#x99A;&#x9BF;&#x9A4;&#x9CD;&#x9B0; /</subfield>
    <subfield code="c">&#x9B8;&#x9AE;&#x9CD;&#x9AA;&#x9BE;&#x9A6;&#x9A8;&#x9BE; : &#x9AC;&#x9CD;&#x9B0;&#x99C;&#x9C7;&#x9A8;&#x9CD;&#x9A6;&#x9CD;&#x9B0;&#x9A8;&#x9BE;&#x9A5; &#x9AC;&#x9A8;&#x9CD;&#x9A6;&#x9CB;&#x9AA;&#x9BE;&#x9A7;&#x9CD;&#x9AF;&#x9BE;&#x9AF;&#x9BC; &#x993; &#x9B6;&#x9CD;&#x9B0;&#x9C0;&#x9B8;&#x99C;&#x9A8;&#x9C0;&#x995;&#x9BE;&#x9A8;&#x9CD;&#x9A4; &#x9A6;&#x9BE;&#x9B8;</subfield>
  </datafield>
  <datafield tag="260" ind1=" " ind2=" ">
    <subfield code="a">&#x995;&#x9B2;&#x9BF;&#x995;&#x9BE;&#x9A4;&#x9BE; :</subfield>
    <subfield code="b">&#x9AC;&#x999;&#x9CD;&#x997;&#x9C0;&#x9AF;&#x9BC;-&#x9B8;&#x9BE;&#x9B9;&#x9BF;&#x9A4;&#x9CD;&#x9AF;-&#x9AA;&#x9B0;&#x9BF;&#x9B7;&#x9CE;,</subfield>
    <subfield code="c">&#x9E7;&#x9EF;&#x9EB;&#x9EC; (&#x9E7;&#x9EF;&#x9EC;&#x9E9;)</subfield>
  </datafield>
  <datafield tag="300" ind1=" " ind2=" ">
    <subfield code="a">[&#x9E7;&#x9E7;], &#x9E8;&#x9E6;&#x9EA; &#x9AA;&#x9C3;. ;</subfield>
    <subfield code="c">&#x9E8;&#x9E7; &#x9B8;&#x9C7;&#x9AE;&#x9BF;.</subfield>
  </datafield>
  <datafield tag="490" ind1=" " ind2=" ">
    <subfield code="a">&#x99D;&#x9BE;&#x9A1;&#x9BC;&#x997;&#x9CD;&#x9B0;&#x9BE;&#x9AE;-&#x997;&#x9CD;&#x9B0;&#x9A8;&#x9CD;&#x9A5;&#x9AA;&#x9CD;&#x9B0;&#x995;&#x9BE;&#x9B6;-&#x9A4;&#x9AC;&#x9BF;&#x9B2;&#x9C7;&#x9B0; &#x985;&#x9B0;&#x9CD;&#x9A5;&#x9C7; &#x9AE;&#x9C1;&#x9A6;&#x9CD;&#x9B0;&#x9BF;&#x9A4;</subfield>
  </datafield>
  <datafield tag="650" ind1=" " ind2=" ">
    <subfield code="a">&#x9AC;&#x9BE;&#x982;&#x9B2;&#x9BE; &#x989;&#x9AA;&#x9A8;&#x9CD;&#x9AF;&#x9BE;&#x9B8;</subfield>
    <subfield code="9">121335</subfield>
  </datafield>
  <datafield tag="650" ind1=" " ind2=" ">
    <subfield code="a">Bengali Fiction</subfield>
    <subfield code="9">121336</subfield>
  </datafield>
  <datafield tag="700" ind1=" " ind2=" ">
    <subfield code="a">&#x9AC;&#x9A8;&#x9CD;&#x9A6;&#x9CB;&#x9AA;&#x9BE;&#x9A7;&#x9CD;&#x9AF;&#x9BE;&#x9AF;&#x9BC;, &#x9AC;&#x9CD;&#x9B0;&#x99C;&#x9C7;&#x9A8;&#x9CD;&#x9A6;&#x9CD;&#x9B0;&#x9A8;&#x9BE;&#x9A5; : &#x9B8;&#x9AE;&#x9CD;&#x9AA;&#x9BE;&#x9A6;&#x9A8;&#x9BE;</subfield>
    <subfield code="9">158400</subfield>
  </datafield>
  <datafield tag="700" ind1=" " ind2=" ">
    <subfield code="a">&#x9A6;&#x9BE;&#x9B8;, &#x9B6;&#x9CD;&#x9B0;&#x9C0;&#x9B8;&#x99C;&#x9A8;&#x9C0;&#x995;&#x9BE;&#x9A8;&#x9CD;&#x9A4; : &#x9B8;&#x9AE;&#x9CD;&#x9AA;&#x9BE;&#x9A6;&#x9A8;&#x9BE;</subfield>
    <subfield code="9">158401</subfield>
  </datafield>
  <datafield tag="830" ind1=" " ind2=" ">
    <subfield code="a">&#x99D;&#x9BE;&#x9A1;&#x9BC;&#x997;&#x9CD;&#x9B0;&#x9BE;&#x9AE;-&#x997;&#x9CD;&#x9B0;&#x9A8;&#x9CD;&#x9A5;&#x9AA;&#x9CD;&#x9B0;&#x995;&#x9BE;&#x9B6;-&#x9A4;&#x9AC;&#x9BF;&#x9B2;&#x9C7;&#x9B0; &#x985;&#x9B0;&#x9CD;&#x9A5;&#x9C7; &#x9AE;&#x9C1;&#x9A6;&#x9CD;&#x9B0;&#x9BF;&#x9A4;</subfield>
    <subfield code="9">158402</subfield>
  </datafield>
  <datafield tag="942" ind1=" " ind2=" ">
    <subfield code="2">ddc</subfield>
    <subfield code="c">BK</subfield>
  </datafield>
  <datafield tag="999" ind1=" " ind2=" ">
    <subfield code="c">52992</subfield>
    <subfield code="d">52992</subfield>
  </datafield>
  <datafield tag="952" ind1=" " ind2=" ">
    <subfield code="0">0</subfield>
    <subfield code="1">0</subfield>
    <subfield code="2">ddc</subfield>
    <subfield code="4">0</subfield>
    <subfield code="7">0</subfield>
    <subfield code="8">NFIC</subfield>
    <subfield code="a">RUCL</subfield>
    <subfield code="b">RUCL</subfield>
    <subfield code="c">Stack</subfield>
    <subfield code="d">1962-11-21</subfield>
    <subfield code="e">Kamala book</subfield>
    <subfield code="g">4.50</subfield>
    <subfield code="l">0</subfield>
    <subfield code="o">B 891.443 HUT 1956</subfield>
    <subfield code="r">2016-10-02 00:00:00</subfield>
    <subfield code="t">C-2</subfield>
    <subfield code="w">2016-10-02</subfield>
    <subfield code="y">BK</subfield>
  </datafield>
  <datafield tag="952" ind1=" " ind2=" ">
    <subfield code="0">0</subfield>
    <subfield code="1">0</subfield>
    <subfield code="2">ddc</subfield>
    <subfield code="4">0</subfield>
    <subfield code="7">1</subfield>
    <subfield code="8">NFIC</subfield>
    <subfield code="a">RUCL</subfield>
    <subfield code="b">RUCL</subfield>
    <subfield code="c">Reading</subfield>
    <subfield code="d">1962-08-15</subfield>
    <subfield code="e">ORIENT Library, Rajshahi</subfield>
    <subfield code="g">4.68</subfield>
    <subfield code="l">0</subfield>
    <subfield code="o">B 891.443 HUT 1956</subfield>
    <subfield code="r">2022-11-17 00:00:00</subfield>
    <subfield code="t">C-1</subfield>
    <subfield code="w">2022-11-17</subfield>
    <subfield code="y">BK</subfield>
  </datafield>
</record>
